000 00353nam a2200145Ia 4500
008 150301s2012 xx 000 0 und d
082 _a610
_bH12G
100 _aGLEYNN, MICHAEL
245 _aHUTCHISON'S CLINICAL METHODS
250 _a23RD
260 _bSAUNDERS
_aEDINBURGH
_c2012
300 _a472
650 _aGENERAL MEDICINE
942 _2ddc
_cBK
_054
999 _c6616
_d6616